| 000 -ლიდერი |
| ფიქსირებული სიგრძის საკონტროლო ველი |
02293nam a2200337Ia 4500 |
| 001 - საკონტროლო ნომერი |
| საკონტროლო ველი |
18294 |
| 003 - საკონტროლო ნომრის იდენტიფიკატორი |
| საკონტროლო ველი |
GE_BSU |
| 005 - ბოლო ოპერაციის თარიღი და დრო |
| საკონტროლო ველი |
20230619100830.0 |
| 008 - ფიქსირებული სიგრძის მონაცემთა ელემენტები - ზოგადი ინფორმაცია |
| ფიქსირებული სიგრძის საკონტროლო ველი |
181216s2015||||ge |||||||||||||| ||geo|| |
| 020 ## - წიგნის საერთაშორისო სტანდარტული ნომერი |
| International Standard Book Number |
9789941182327 |
| 040 ## - კატალოგიზაციის წყარო |
| Transcribing agency |
GE_BSU |
| 041 ## - ენის კოდი |
| Language code of text/sound track or separate title |
geo |
| 080 ## - უნივერსალური ათობითი კლასიფიკაციის ინდექსი |
| Universal Decimal Classification number |
070+32.001 ჰ-42 |
| 100 ## - მთავარი ჩანაწერი - პიროვნების სახელი |
| Personal name |
ჰელინი, დ. |
| 9 (RLIN) |
18787 |
| 245 ## - ცნობა სათაურის შესახებ |
| Title |
მედიასისტემების შედარება : |
| Remainder of title |
მედია და პოლიტიკური სისტემების სამი მოდელი / |
| Statement of responsibility, etc |
დენიელ ჰელინი, პაოლო მანჩინი ; მთარგმნელი მერაბ ბასილაია ; რედაქტორები: ნატალია ვაჩეიშვილი, თეა ქიტოშვილი ; სამეცნ. რედაქტორი თამარ კინწურაშვილი ; ყდის დიზაინი თამარ ბასილაია. |
| 264 ## - წარმოების, გამოცემის, დისტრიბუციის და სხვა ცნობები |
| გამოცემის, წარმოების, დისტრიბუციის... ადგილი |
თბილისი : |
| გამოცემის, წარმოების, დისტრიბუციის... სახელწოდება |
ილიას სახელმწ. უნ-ტი, |
| გამოცემის, წარმოების, დისტრიბუციის... თარიღი |
2015. |
| 300 ## - ფიზიკური აღწერა |
| Extent |
428 გვ.; |
| Other physical details |
23 სმ. |
| 500 ## - ზოგადი შენიშვნა |
| General note |
დაფინანსებულია საქართველოში აშშ-ს საელჩოს თარგმნის პროგრამის ფარგლებში. |
| 501 ## - შენიშვნა თანმხლებ მასალაზე |
| With note |
საძიებელი: გვ. 426-428. |
| 504 ## - BIBLIOGRAPHY, ETC. NOTE |
| Bibliography, etc |
ბიბლიოგრაფია: გვ. 424-425. |
| 653 ## - INDEX TERM--UNCONTROLLED |
| Uncontrolled term |
ჟურნალისტიკა |
| 653 ## - INDEX TERM--UNCONTROLLED |
| Uncontrolled term |
პოლიტიკური სისტემები |
| 700 ## - ADDED ENTRY--PERSONAL NAME |
| Personal name |
მანჩინი, პაოლო |
| Relator term |
ავტორი |
| 9 (RLIN) |
18788 |
| 700 ## - ADDED ENTRY--PERSONAL NAME |
| Personal name |
ბასილაია, მერაბ |
| Relator term |
მთარგმნელი |
| 9 (RLIN) |
18789 |
| 700 ## - ADDED ENTRY--PERSONAL NAME |
| Personal name |
ვაჩეიშვილი, ნატალია |
| Relator term |
რედაქტორი |
| 9 (RLIN) |
18790 |
| 700 ## - ADDED ENTRY--PERSONAL NAME |
| Personal name |
ქიტოშვილი, თეა |
| Relator term |
რედაქტორი |
| 9 (RLIN) |
18791 |
| 700 ## - ADDED ENTRY--PERSONAL NAME |
| Personal name |
კინწურაშვილი, თამარ |
| Relator term |
სამეცნ. რედაქტორი |
| 9 (RLIN) |
18792 |
| 700 ## - ADDED ENTRY--PERSONAL NAME |
| Personal name |
ბასილაია, თამარ |
| Relator term |
ყდის დიზაინერი |
| 9 (RLIN) |
18793 |
| 942 ## - ADDED ENTRY ELEMENTS (KOHA) |
| Koha item type |
წიგნი |
| Source of classification or shelving scheme |
|